The Hungrarian accreditation committee and its work in 1997 /
| Hlavní autor: | |
|---|---|
| Médium: | Kniha |
| Jazyk: | angličtina |
| Vydáno: |
Budapest :
Alfaprint Press,
1998
|
| Témata: |
MARC
| LEADER | 00000nam a2200000Ia 4500 | ||
|---|---|---|---|
| 008 | 180912b1998 hu ||||| |||| 00| | eng d | ||
| 999 | |c 2378 |d 2378 | ||
| 090 | |a 19.02.08 |b 668 | ||
| 100 | |9 4233 |a kiss, Peter | ||
| 245 | 1 | 4 | |a The Hungrarian accreditation committee and its work in 1997 / |c Peter Kiss |
| 260 | |a Budapest : |b Alfaprint Press, |c 1998 | ||
| 300 | |a 162 páginas | ||
| 650 | 1 | 4 | |a INFORMES ANUALES |9 621 |
| 650 | 1 | 4 | |a EDUCACIÓN |9 1 |
| 942 | |i 001092 |h 19.02.08 668 |2 z |c 01 | ||
